तकनीकी हिन्दी- अँग्रेजी- उर्दू डिक्शनरी / (Record no. 11079)

MARC details
000 -LEADER
fixed length control field 01591 a2200229 4500
005 - DATE AND TIME OF LATEST TRANSACTION
control field 20080901141750.0
008 - FIXED-LENGTH DATA ELEMENTS--GENERAL INFORMATION
fixed length control field 080901t xxu||||| |||| 00| 0 hin d
010 ## - LIBRARY OF CONGRESS CONTROL NUMBER
LC control number HIN-82808
020 ## - INTERNATIONAL STANDARD BOOK NUMBER
Terms of availability 200.00
International Standard Book Number 8182233151
035 ## - SYSTEM CONTROL NUMBER
System control number HN-55154
037 ## - SOURCE OF ACQUISITION
Source of stock number/acquisition पु.प्र.अ.प्र/प्रका
082 ## - DEWEY DECIMAL CLASSIFICATION NUMBER
Classification number 423.8
100 ## - MAIN ENTRY--PERSONAL NAME
Personal name जुबैर अहमद भागलपुरी
245 ## - TITLE STATEMENT
Title तकनीकी हिन्दी- अँग्रेजी- उर्दू डिक्शनरी /
Statement of responsibility, etc जुबैर अहमद भागलपुरी
246 ## - VARYING FORM OF TITLE
Title proper/short title Takniki Hindi- English-Urdu Dictionary
Remainder of title by Zubair Ahmad Bhagalpuri
260 ## - PUBLICATION, DISTRIBUTION, ETC. (IMPRINT)
Place of publication, distribution, etc दिल्ली
Name of publisher, distributor, etc ऐजुकेशनल पब्लिशिंग हाउस
Date of publication, distribution, etc 2007
270 ## - ADDRESS
Address 3108, गली वाकिल कूचा पंडित, लाल कुआ
City दिल्ली
Postal code 110006
Telephone number 23216162, 23214465
Fax number 0091- 011- 23211540
Electronic mail address info@ephbooks.com, ephdelhi@yahoo.com
300 ## - PHYSICAL DESCRIPTION
Extent 272पृ
Dimensions 22 सेमी (सजिल्द)
500 ## - GENERAL NOTE
General note भारतीय उपमहाद्वीप का प्रथम पारिभाषिक हिन्दी-अंग्रेजी-उर्दू शब्दकोश, प्रचलित नवीनतम शब्दावली के साथ
942 ## - ADDED ENTRY ELEMENTS (KOHA)
Institution code [OBSOLETE] dpl
Koha item type Hindi Books
Call number prefix 423.8 / जुबैर
Source of classification or shelving scheme Dewey Decimal Classification
Classification part 423.8
Call number suffix जुबैर
Holdings
Withdrawn status Lost status Damaged status Not for loan Collection code Home library Current library Date acquired Cost, normal purchase price Total Checkouts Full call number Barcode Date last seen Copy number Uniform Resource Identifier Cost, replacement price Price effective from Koha item type
      Not For Loan Non-fiction D.B.Act.Division D.B.Act.Division 01/09/2008 200.00   423.8 जुबैर HN-55154 15/09/2008 1 12183 200.00 15/09/2008 Hindi Books

© Delhi Public Library
Hit Counter
free hit counter